00764nam a2200229Ia 450000500170000000800410001702000150005804000190007304100120009208200160010410000210012024501120014126000390025330000120029244000320030450400400033670000230037685000100039994200070040999900160041695201020043220230424105156.0131103s9999 xx 000 0 und d a014043108X aLoreto College aEnglish a823.06bJOH aJohnson, Samuuel aThe history of Rasselas, Prince of AbissiniacSamuuel Johnson; edited with an introduction by D. J. Enright aHarmondsworthbPenguin Booksc1976 a158 p.  aThe Penguin English library aIncludes bibliographical references aEnrigh, D. J., ed. aLCLIB cBK c6487d56966 00102ddc4070aMAINbMAINd2013-11-04l0o823.06 JOH 24807pB6357r2013-11-04w2013-11-04yBKf